00563nam a2200181 a 450000100100000000500170001000800410002702000150006804000250008308200150010810000190012324500700014226000470021230000420025949000260030170000280032783000260035500004401420201002045108.0140513s1981 enkae 000 0 spa d a0333279840 aDO-SdBNPbspacBNPHU axxxxbxxxx1 aBrown, Richard10aTwentieth-Century Europe /cRichard Brown, Christopher W Daniels. a[Basingstoke]aMacmillan Education,c1981. aviii, 120 p. :bil., planos ;c22 cm.1 aDocuments and debates12aDaniels, Christopher W. 0aDocuments and debates